| 000 | 00601nam a2200193 a 4500 | ||
|---|---|---|---|
| 001 | 11870 | ||
| 005 | 20180713200059.0 | ||
| 008 | 140415s1991 mx 000 0 spa d | ||
| 041 | _aspa | ||
| 082 |
_a382.1 _bDIC |
||
| 100 | 1 | _aDIEZ DE CASTRO, LUIS | |
| 245 | 1 | 0 |
_aINGENIERIA FINANCIERA : _bLA GESTION EN LOS MERCADOS FINANCIEROS INTERNACIONALES |
| 250 | _a1a ed. | ||
| 260 |
_aMEXICO : _bMCGRAW HILL INTERAMERICANA DE ESPAÑA, _c1991 |
||
| 300 | _a464 | ||
| 490 | _aMCGRAE HILL DE MANAGEMENT | ||
| 650 | 1 | 4 | _aCOMERCIO EXTERIOR |
| 700 | 1 |
_aMASCAREÑAS PEREZ-IÑIGO, JUAN _ecoaut. |
|
| 999 |
_c11870 _d11870 |
||